Cut the cables and fly (Record no. 69312)

MARC details
000 -LEADER
fixed length control field 01172cam a2200241 4500
001 - CONTROL NUMBER
control field ABS65043
008 - FIXED-LENGTH DATA ELEMENTS--GENERAL INFORMATION
fixed length control field 020121n2001 000 0 eng u
035 ## - SYSTEM CONTROL NUMBER
System control number (Sirsi) u116382
100 ## - MAIN ENTRY--PERSONAL NAME
Personal name Marks, J
245 ## - TITLE STATEMENT
Title Cut the cables and fly
260 ## - PUBLICATION, DISTRIBUTION, ETC.
Date of publication, distribution, etc. 2001
490 ## - SERIES STATEMENT
Series statement Estates Gazette
Volume/sequential designation (0150) 15 December 2001, 75(1)
520 ## - SUMMARY, ETC.
Summary, etc. Considers how wireless technologies will soon transform offices into more spacious, flexible and cost-effective workplaces. Looks at Bluetooth, a short-range radio technology that allows laptops and mobile phones to communicate at up to 1500ft without the need for wires. Considers how third-generation (3G) mobile wireless technology will enable a mobile workforce and have a significant impact on office spaces and the way business is conducted. Concludes that the wireless office will also change the traditional role of property developers.
590 ## - LOCAL NOTE (RLIN)
Local note ABS
650 ## - SUBJECT ADDED ENTRY--TOPICAL TERM
Topical term or geographic name entry element WIRELESS TECHNOLOGY
650 ## - SUBJECT ADDED ENTRY--TOPICAL TERM
Topical term or geographic name entry element BROADBAND
650 ## - SUBJECT ADDED ENTRY--TOPICAL TERM
Topical term or geographic name entry element MOBILE COMMUNICATIONS
650 ## - SUBJECT ADDED ENTRY--TOPICAL TERM
Topical term or geographic name entry element BLUETOOTH
650 ## - SUBJECT ADDED ENTRY--TOPICAL TERM
Topical term or geographic name entry element OFFICE SPACE
650 ## - SUBJECT ADDED ENTRY--TOPICAL TERM
Topical term or geographic name entry element FLEXIBLE WORKSPACE
690 ## - LOCAL SUBJECT ADDED ENTRY--TOPICAL TERM (OCLC, RLIN)
Topical term or geographic name as entry element MANAGEMENT-BUSINESS MANAGEMENT-INFORMATION MANAGEMENT
942 ## - ADDED ENTRY ELEMENTS (KOHA)
Suppress in OPAC 0
Holdings
Withdrawn status Lost status Source of classification or shelving scheme Damaged status Not for loan Home library Current library Shelving location Date acquired Total Checkouts Full call number Barcode Date last seen Copy number Price effective from Koha item type
    Dewey Decimal Classification     London London Journal article 21/01/2002   ABS65043 116382-1001 06/08/2019 1 06/08/2019 Journal article